| 000 | 00647nam a22001697a 4500 | ||
|---|---|---|---|
| 020 | _qHard Cover. | ||
| 082 | _a621.3 | ||
| 100 | _aAbdullah Akhtar ; Syed Ihraz Haider ; Yaseen Bin Firasat | ||
| 245 |
_aAmerican Sign Language Recognition Using Camera / _cAbdullah Akhtar ; Syed Ihraz Haider ; Yaseen Bin Firasat |
||
| 260 |
_aIslamabad : _bSEECS - NUST, _c2019. |
||
| 300 |
_a36 p. : ill. ; _c30cm. |
||
| 650 |
_aElectrical Engineering-Project Report _930780 |
||
| 700 |
_aDr. Ahmad Salman. _918529 |
||
| 856 | _uhttp://10.250.8.41:8080/xmlui/handle/123456789/29577 | ||
| 942 |
_2ddc _cPR |
||
| 999 |
_c535926 _d535926 |
||